[Event "Guayana Aniversario UNEG U2200 34th"]
[Site "Guayana"]
[Date "2016.04.01"]
[Round "5"]
[White "Arcia Fernandez, Jorge Del Valle"]
[Black "Pastrano Gonzalez, Jhonny Robert"]
[Result "0-1"]
[WhiteElo "1753"]
[BlackElo "1509"]
[PlyCount "59"]
[EventDate "2016.03.31"]
[EventType "swiss"]
[EventRounds "6"]
[EventCountry "VEN"]
[SourceTitle "EXT 2022"]
[Source "ChessBase"]
[SourceDate "2021.10.06"]
[SourceVersion "1"]
[SourceVersionDate "2021.10.06"]
[SourceQuality "1"]

1. d4 d5 2. Nf3 e6 3. Bf4 Bd6 4. Bg5 Nf6 5. Nbd2 c6 6. c3 Nbd7 7. e3 Be7 8. h3 h6 9. Bf4 0-0 10. Bd3 c5 11. Ne5 Nxe5 12. dxe5 Nh7 13. Nf3 Ng5 14. Nxg5 Bxg5 15. Bh2 Bd7 16. 0-0 Bc6 17. Qg4 f5 18. exf6 Qxf6 19. f4 Bh4 20. g3 d4 21. gxh4 dxc3 22. bxc3 c4 23. Bxc4 Qxc3 24. Bxe6+ Kh8 25. Rfe1 Rae8 26. f5 Rd8 27. Qc4 Qb2 28. Qf1 Rd2 29. e4 Qd4+ 30. Kh1 0-1

[Event "Guayana Aniversario UNEG U2200 34th"]
[Site "Guayana"]
[Date "2016.03.31"]
[Round "2"]
[White "Hernandez Chacon, Jose Gregorio"]
[Black "Pastrano Gonzalez, Jhonny Robert"]
[Result "1-0"]
[WhiteElo "1964"]
[BlackElo "1509"]
[PlyCount "41"]
[EventDate "2016.03.31"]
[EventType "swiss"]
[EventRounds "6"]
[EventCountry "VEN"]
[SourceTitle "EXT 2022"]
[Source "ChessBase"]
[SourceDate "2021.10.06"]
[SourceVersion "1"]
[SourceVersionDate "2021.10.06"]
[SourceQuality "1"]

1. e4 e6 2. d4 d5 3. exd5 exd5 4. Bd3 Nf6 5. Ne2 Bg4 6. h3 Bh5 7. c4 Bb4+ 8. Nbc3 c6 9. Qb3 Qe7 10. 0-0 Bxc3 11. bxc3 0-0 12. Ba3 Qd7 13. Bxf8 Kxf8 14. Nf4 Kg8 15. cxd5 cxd5 16. Nxh5 Nxh5 17. Rab1 b6 18. c4 Nf6 19. cxd5 Qxd5 20. Qxd5 Nxd5 21. Be4 1-0